00467nam a22001577a 450000500170000001000150001702000270003203500140005903700130007308200110008624500740009726000440017127000470021530000260026270000210028820171025114912.0 aENG-121066 c700.00a97893821780604 aEN-104598 bDBAD/PUB a883.08 aMargaret atwood :cedited by Somdatta Mandalbcritical perspectives / aNew DelhibPencraft Internationalc2014 aB-1/41, Ashok Vihar II,bNew Delhie110052 a232p.c22cm(Hb)bill. aMandal, Somdatta